[Event "It (open)"]
[Site "Cappelle la Grande (France)"]
[Date "2008.02.18"]
[Round "3"]
[White "Sumets Andrey (UKR)"]
[Black "Saatdjian Thomas (FRA)"]
[Result "1-0"]
[WhiteElo "2545"]
[BlackElo "2285"]

1.d4 Nf6 2.c4 c5 3.d5 e6 4.Nc3 exd5 5.cxd5 d6 6.Nf3 g6 7.Nd2 Bg7 8.e4 O-O
9.Be2 Na6 10.O-O Nc7 11.a4 Nfe8 12.Nc4 f5 13.exf5 Bxf5 14.Bf4 Bd3 15.Bg3 Bxc4
16.Bxc4 Nf6 17.Be2 Qd7 18.Qb3 b6 19.Rfe1 Rab8 20.Bb5 Qd8 21.Re6 Nxe6 22.dxe6
Kh8 23.Re1 Rb7 24.Nd5 Re7 25.Nxe7 Qxe7 26.Bxd6 Qxd6 27.e7 Rb8 28.Qf7 h5
29.Qxg6 h4 30.h3 Qd4 31.b3 Qf4 32.Rd1 Qc7 33.Rd7 {#r} 1-0

[Event "It (open)"]
[Site "Dubrovnik (Croatia)"]
[Date "2008.04.25"]
[Round "3"]
[White "Zaja Ivan (CRO)"]
[Black "Petijevic Vaso (SRB)"]
[Result "1-0"]
[WhiteElo "2461"]
[BlackElo "2284"]

1.d4 Nf6 2.c4 e6 3.Nf3 c5 4.d5 exd5 5.cxd5 d6 6.Nc3 g6 7.e4 Bg7 8.Be2 Bg4
9.O-O O-O 10.Bf4 Nh5 11.Bg5 Bf6 12.Be3 Bxf3 13.Bxf3 Ng7 14.Be2 Re8 15.Bd3 Nd7
16.Kh1 a6 17.a4 Rc8 18.a5 c4 19.Bc2 Nc5 20.Bd4 Bxd4 21.Qxd4 Nd7 22.Ba4 Rc5
23.Bxd7 Qxd7 24.f4 Qd8 25.Ra4 Rxa5 26.Rxc4 Qb8 27.Qb6 Rc5 28.Rxc5 dxc5 29.Qxc5
Rc8 30.Qb6 Nh5 31.e5 {#r} 1-0

[Event "It (open)"]
[Site "Porto Mannu (Italy)"]
[Date "2008.05.22"]
[Round "7"]
[White "Graziani Sergio (ITA)"]
[Black "Piscopo Pierluigi (ITA)"]
[Result "0-1"]
[WhiteElo "1957"]
[BlackElo "2380"]

1.d4 c5 2.d5 Nf6 3.c4 e6 4.Nc3 exd5 5.cxd5 d6 6.Nf3 g6 7.Nd2 Bg7 8.e4 O-O
9.Be2 Na6 10.O-O Nc7 11.a4 Nfe8 12.Bf3 b6 13.Qb3 Ba6 14.Re1 Qd7 15.Be2 Bxe2
16.Rxe2 Nf6 17.Nb5 Nh5 18.Nc4 Nxb5 19.Qxb5 Qe7 20.Qc6 Rad8 21.a5 bxa5 22.Rxa5
f5 23.Ra6 fxe4 24.Nxd6 Rf6 25.Nc8 Qf8 26.d6 Rxc8 27.Qd5+ Qf7 28.Qxe4 Rd8
29.Qa4 Rfxd6 30.Rxd6 Rxd6 31.Be3 Bd4 {#R} 0-1

[Event "Tournament (Elo) (a)"]
[Site "Budapest (Hungary)"]
[Date "2008.07.05"]
[Round "1"]
[White "Weser Adam (USA)"]
[Black "Honsch Pal (HUN)"]
[Result "1-0"]
[WhiteElo "2107"]
[BlackElo "2045"]

1.d4 Nf6 2.c4 e6 3.Nc3 c5 4.d5 exd5 5.cxd5 d6 6.Nf3 g6 7.Nd2 Bg7 8.e4 O-O
9.Be2 Na6 10.O-O Nc7 11.f4 Rb8 12.a4 a6 13.a5 Nd7 14.Nc4 Bd4+ 15.Kh1 Nf6 16.e5
Nfe8 17.Bf3 b5 18.axb6 Na8 19.Ne4 dxe5 20.fxe5 Nxb6 21.Na5 Bb7 22.Bh6 Bxb2
23.Bxf8 Kxf8 24.Nxc5 Bxd5 25.Bxd5 Bxe5 {#r} 1-0

[Event "It (open)"]
[Site "Gent (Belgium)"]
[Date "2008.07.21"]
[Round "6"]
[White "Sumets Andrey (UKR)"]
[Black "Ward Christopher (ENG)"]
[Result "1-0"]
[WhiteElo "2545"]
[BlackElo "2431"]

1.d4 Nf6 2.c4 c5 3.d5 e6 4.Nc3 exd5 5.cxd5 d6 6.Nf3 g6 7.Nd2 Bg7 8.e4 O-O
9.Be2 Na6 10.O-O Nc7 11.a4 b6 12.Nc4 Ba6 13.Bg5 Bxc4 14.Bxc4 Qd7 15.f3 a6
16.Qd3 Nh5 17.g4 Nf6 18.Kh1 h5 19.e5 dxe5 20.Bxf6 Bxf6 21.d6 Ne6 22.gxh5 Kg7
23.Bxe6 Qxe6 24.hxg6 Rh8 25.gxf7 Kxf7 26.Rf2 Bg5 27.Ne4 Bf4 28.Rg1 c4 29.Qd1
Rh5 30.d7 Rd8 31.Rfg2 Rh7 32.Qc2 Qh3 33.Ng5+ Bxg5 34.Rxg5 Rxd7 35.Qf5+ Ke7
36.Qxe5+ {#r} 1-0

[Event "Ch France (accession)"]
[Site "Pau (France)"]
[Date "2008.08.16"]
[Round "5"]
[White "Remille Tristan (FRA)"]
[Black "Daurelle Herve (FRA)"]
[Result "0-1"]
[WhiteElo "2199"]
[BlackElo "2253"]

1.d4 Nf6 2.c4 e6 3.Nf3 c5 4.d5 exd5 5.cxd5 d6 6.Nc3 g6 7.Nd2 Bg7 8.e4 O-O
9.Be2 Na6 10.O-O Nc7 11.a4 Nfe8 12.Nc4 f5 13.exf5 Rxf5 14.Bg4 Rf7 15.Bxc8 Rxc8
16.Ra3 Qh4 17.Ne3 Nf6 18.a5 Re8 19.Ra4 Ne4 20.g3 Nxc3 21.bxc3 Qe7 22.Qb3 Qd7
23.Bd2 Re5 24.Rh4 Bf6 25.Rh6 Bg5 26.Nc4 Bxd2 27.Nxd2 Nxd5 28.Rh4 Qe6 29.Qc4
Re1 30.Re4 Rxf1+ 31.Nxf1 Qf6 32.f4 Nxc3 33.Re6 Qd4+ 34.Qxd4 cxd4 35.Rxd6 Rf5
36.Rd7 Rxa5 37.Rxb7 Ra2 38.Rd7 a5 39.g4 Ne2+ 40.Kf2 Nxf4+ 41.Kf3 Ne6 42.Ng3
Ra3+ 43.Kf2 Re3 44.Ra7 Re5 45.Kf3 d3 46.Ne4 Rxe4 47.Kxe4 d2 48.Ra8+ Kf7 {#R}
0-1

[Event "Ch Russia (seniors)"]
[Site "Odintsovo (Russia)"]
[Date "2008.10.07"]
[Round "5"]
[White "Arzhenkov Gennady (RUS)"]
[Black "Ljamin Vladimir (RUS)"]
[Result "1-0"]
[WhiteElo "2377"]
[BlackElo "2143"]

1.d4 Nf6 2.c4 e6 3.Nc3 c5 4.d5 exd5 5.cxd5 d6 6.e4 g6 7.Be2 Bg7 8.Nf3 Bg4
9.Nd2 Bxe2 10.Qxe2 O-O 11.O-O Re8 12.Nc4 b5 13.Nxb5 Nxe4 14.Qc2 a6 15.Nc3 Nxc3
16.bxc3 Qf6 17.Qa4 Re4 18.f3 Re7 19.Nb6 Raa7 20.Nc8 Qxc3 21.Bg5 Qd4+ 22.Qxd4
Bxd4+ 23.Kh1 f6 24.Nxe7+ Rxe7 25.Rae1 Be5 26.Bxf6 Bxf6 27.Rxe7 Bxe7 28.Rb1 Nd7
29.Rb7 Nf6 30.Rxe7 Nxd5 31.Rd7 Nc3 32.Rxd6 Nxa2 33.Rxa6 Nb4 34.Ra7 Nd3 35.Kg1
c4 36.Kf1 c3 37.Rc7 c2 38.Rxc2 {#r} 1-0

[Event "Tournament (open)"]
[Site "Rio de Janeiro (Brazil)"]
[Date "2009.01.29"]
[Round "4"]
[White "Rego Vinicius V A (BRA)"]
[Black "Santos Braulio (BRA)"]
[Result "1-0"]
[WhiteElo "2243"]
[BlackElo "2029"]

1.d4 Nf6 2.c4 c5 3.d5 e6 4.Nc3 exd5 5.cxd5 d6 6.e4 g6 7.Nf3 Bg4 8.Be2 Bg7
9.O-O O-O 10.h3 Bd7 11.Bf4 Qe7 12.Nd2 Ne8 13.Qb3 Bc8 14.Bg3 Kh8 15.Rfe1 Nd7
16.f4 a6 17.a4 Rb8 18.Bg4 Qd8 19.e5 Qb6 20.Bxd7 Qxb3 21.Nxb3 Bxd7 22.exd6 Bf5
23.d7 Bxd7 24.Nxc5 Bf5 25.Bf2 h5 26.Re7 Nd6 27.Rd1 Bf6 28.Bd4 Bxd4+ 29.Rxd4
Rfe8 30.Rxe8+ Rxe8 31.Rb4 Rc8 32.N5e4 Nxe4 33.Nxe4 a5 34.Rd4 Rd8 35.Nc3 Kg7
36.Kf2 Kf8 37.Nb5 Bd7 38.Nc3 f5 39.Rc4 Ke7 40.Rc7 Rb8 41.Nb5 Kd8 42.d6 b6
43.Ke3 Rc8 44.Kd4 Bxb5 45.Rxc8+ Kxc8 46.axb5 Kd7 47.Kd5 {#r} 1-0

[Event "Ch Hungary (team) 2008/09"]
[Site "Hungary"]
[Date "2009.04.05"]
[Round "10"]
[White "Horvath David (HUN)"]
[Black "Gara Ticia (HUN)"]
[Result "0-1"]
[WhiteElo "2216"]
[BlackElo "2354"]

1.d4 Nf6 2.c4 c5 3.d5 e6 4.Nc3 exd5 5.cxd5 d6 6.Nf3 g6 7.Nd2 Bg7 8.e4 O-O
9.Be2 Na6 10.O-O Ne8 11.Nc4 Nac7 12.f4 b5 13.Ne3 Bd7 14.a4 bxa4 15.Nc4 Nb5
16.Nxb5 Bxb5 17.Be3 Nc7 18.e5 Bxc4 19.Bxc4 Re8 20.Rxa4 dxe5 21.Bxc5 exf4
22.Rxa7 Rxa7 23.Bxa7 Bxb2 24.Rxf4 Be5 25.Rf3 Qh4 26.Be2 Qxh2+ 27.Kf1 Qh1+
28.Kf2 Qh4+ 29.Kg1 Qh2+ 30.Kf2 Ra8 31.Be3 Qh4+ 32.Kg1 Ra1 33.Bc1 Bd4+ {#R} 0-1

[Event "Ch Europe (seniors) (team)"]
[Site "Velden (Austria)"]
[Date "2009.04.08"]
[Round "4"]
[White "Kayaman Metin (TUR)"]
[Black "Pemberton Clive (ENG)"]
[Result "1-0"]
[WhiteElo "1991"]
[BlackElo "1897"]

1.d4 Nf6 2.c4 e6 3.Nc3 c5 4.d5 exd5 5.cxd5 d6 6.e4 Nbd7 7.Nf3 g6 8.Be2 Bg7
9.O-O O-O 10.Qc2 a6 11.a4 Qe7 12.Nd2 Ne5 13.f4 Neg4 14.Nc4 Nd7 15.Bxg4 Bd4+
16.Be3 f5 17.Bf3 Nf6 18.e5 dxe5 19.fxe5 Bxe3+ 20.Nxe3 {#r} 1-0

[Event "Memorial I.Ermolaev (open)"]
[Site "Irkutsk (Russia)"]
[Date "2009.07.04"]
[Round "1"]
[White "Burdyko Alexander (RUS)"]
[Black "Usov Alexander (RUS)"]
[Result "1-0"]
[WhiteElo "2125"]
[BlackElo "1731"]

1.d4 Nf6 2.c4 c5 3.d5 e6 4.Nc3 exd5 5.cxd5 d6 6.e4 g6 7.Nf3 Bg7 8.Be2 Bg4
9.O-O O-O 10.h3 Bxf3 11.Bxf3 Nbd7 12.Bf4 Ne8 13.Be2 a6 14.a4 f5 15.exf5 gxf5
16.Re1 Ne5 17.Qd2 Qh4 18.Rad1 Kh8 19.Bg5 Qb4 20.Bf1 Nf6 21.Qc2 c4 22.Na2 Qc5
23.Be3 Qc8 24.f4 Ng6 25.Qxc4 Qd7 26.Qb3 Nh5 27.Qb4 b5 28.Nc3 bxa4 29.Nxa4 Rab8
30.Nb6 Qd8 31.Bxa6 Ngxf4 32.Bf1 Be5 33.Bd4 Rg8 34.Rxe5 Nxh3+ 35.Kh2 dxe5
36.Bxe5+ Ng7 37.Bxb8 Qxb8+ 38.Kxh3 h6 39.Qd4 Kh7 40.Nd7 Qd6 41.Nf6+ Kg6
42.Nxg8 Nh5 43.Qe3 Nf4+ 44.Kh2 Ne2+ 45.g3 f4 46.Qxe2 fxg3+ 47.Kg2 Qf4 48.Ne7+
Kg7 49.Qf3 Qb8 50.Qxg3+ {#r} 1-0

[Event "It (open)"]
[Site "Leiden (Netherlands)"]
[Date "2009.07.12"]
[Round "3"]
[White "Karthikeyan P (IND)"]
[Black "Galje Hans (NED)"]
[Result "1-0"]
[WhiteElo "2478"]
[BlackElo "2159"]

1.d4 Nf6 2.c4 e6 3.Nf3 c5 4.d5 exd5 5.cxd5 d6 6.Nc3 g6 7.Nd2 Bg7 8.e4 O-O
9.Be2 Na6 10.O-O Nc7 11.a4 b6 12.Nc4 Ba6 13.Bg5 Bxc4 14.Bxc4 Qd7 15.Be2 a6
16.f4 Nfe8 17.f5 Bd4+ 18.Kh1 f6 19.Bh6 Ng7 20.Bd3 Rae8 21.Ne2 Be5 22.Nf4 Bxf4
23.Rxf4 gxf5 24.Qf3 Rf7 25.g4 Kh8 26.Rg1 Rg8 27.exf5 b5 28.h4 c4 29.Be4 Nge8
30.g5 Re7 31.Rfg4 bxa4 32.g6 Nb5 33.h5 Qc7 34.Be3 c3 35.h6 cxb2 36.gxh7 Rxg4
37.Qxg4 Ng7 38.Bb6 Qd7 39.Bd8 {#r} 1-0

[Event "Ch Tatarstan (open)"]
[Site "Kazan (Russia)"]
[Date "2009.08.20"]
[Round "1"]
[White "Mirzanurov Bulat (RUS)"]
[Black "Glukhov Alexandr (RUS)"]
[Result "0-1"]
[WhiteElo "2312"]
[BlackElo "2072"]

1.d4 Nf6 2.c4 c5 3.d5 e6 4.Nc3 exd5 5.cxd5 d6 6.e4 g6 7.Nf3 Bg7 8.Nd2 O-O
9.Be2 Na6 10.O-O Nc7 11.Re1 Rb8 12.a4 a6 13.a5 Bd7 14.Nc4 Bb5 15.Be3 Bxc4
16.Bxc4 Re8 17.Bg5 Qd7 18.Bb3 b5 19.axb6 Rxb6 20.Na4 Rb4 21.e5 Rd4 22.Qf3
Nfxd5 23.Bxd5 Nxd5 24.b4 Rxe5 25.Rxe5 Bxe5 26.h4 Rxb4 27.Qxd5 Bxa1 28.Nxc5 Qe8
29.Nxa6 Rb1+ 30.Kh2 Qe5+ 31.Qxe5 Bxe5+ 32.g3 Rb6 33.Nc7 f6 34.Be3 Rb7 35.Ne6
Re7 36.Nd8 d5 37.Kg2 d4 {#R} 0-1

[Event "Ch Croatia (team)"]
[Site "Sibenik (Croatia)"]
[Date "2009.09.27"]
[Round "7"]
[White "Postny Evgeny (ISR)"]
[Black "Cebalo Miso (CRO)"]
[Result "1-0"]
[WhiteElo "2647"]
[BlackElo "2476"]

1.d4 Nf6 2.c4 e6 3.Nf3 c5 4.d5 d6 5.Nc3 exd5 6.cxd5 g6 7.Nd2 Bg7 8.e4 O-O
9.Be2 Na6 10.O-O Ne8 11.Nc4 Nac7 12.a4 f5 13.Bf3 b6 14.Re1 Ba6 15.Qb3 fxe4
16.Nxe4 h6 17.Bd2 Qd7 18.Ne3 Rd8 19.Qc2 Bc8 20.Ng4 Kh7 21.Qc1 Nxd5 22.Bxh6
Ndf6 23.Ng5+ Kg8 24.Ne6 Qxe6 25.Rxe6 Bxe6 26.Nxf6+ Nxf6 27.Qg5 Bf7 28.Bxg7
Kxg7 29.h4 Rfe8 30.h5 Nh7 31.h6+ Kg8 32.Qf4 g5 33.Qd2 d5 34.Re1 d4 35.Be4 Rd7
36.Bf5 Rdd8 37.Rxe8+ Rxe8 38.Qd3 Nf8 39.Qg3 Bg6 40.Qc7 {#r} 1-0

[Event "Ch Hungary (team) 2009/10"]
[Site "Hungary"]
[Date "2009.11.22"]
[Round "2"]
[White "Lukacs Peter (HUN)"]
[Black "Szamoskozi Gabor (HUN)"]
[Result "1-0"]
[WhiteElo "2414"]
[BlackElo "2310"]

1.d4 Nf6 2.c4 c5 3.d5 e6 4.Nc3 exd5 5.cxd5 d6 6.Nf3 g6 7.Nd2 Bg7 8.e4 O-O
9.Be2 Na6 10.O-O Ne8 11.Nc4 Nac7 12.a4 f5 13.Bf4 g5 14.Bd2 h6 15.exf5 Bxf5
16.f4 Bf6 17.fxg5 Bxg5 18.Bg4 Bg6 19.Rxf8+ Kxf8 20.Bh5 Qf6 21.Bxg6 Qxg6
22.Bxg5 Qxg5 23.Qd3 Kg7 24.Rf1 Rd8 25.h3 Rd7 26.Rf3 Kh8 27.Ne4 Qg7 28.Kh1 Rf7
29.Nexd6 Rxf3 30.Qxf3 Nxd6 31.Nxd6 Qxb2 32.Qf8+ Kh7 33.Qf5+ Kh8 34.Qc8+ {#r}
1-0

[Event "Verbandsklasse B Muensterland 2009/10"]
[Site "Germany"]
[Date "2009.12.19"]
[Round "4"]
[White "Dieks Matthias (GER)"]
[Black "Kuhlenbaeumer Willi (GER)"]
[Result "0-1"]
[WhiteElo "2042"]
[BlackElo "2146"]

1.d4 Nf6 2.c4 c5 3.d5 e6 4.Nc3 exd5 5.cxd5 d6 6.e4 g6 7.Be2 Bg7 8.Nf3 O-O
9.Nd2 Na6 10.O-O Nc7 11.a4 a6 12.Kh1 Rb8 13.Qb3 b5 14.axb5 axb5 15.f4 Re8
16.e5 dxe5 17.fxe5 Nfxd5 18.Nde4 Be6 19.Nxc5 Bxe5 20.N3e4 Bf5 21.Rxf5 gxf5
22.Bg5 f6 23.Qh3 fxe4 24.Bh6 Kh8 25.Nxe4 Rg8 26.Bd3 Qc8 27.Qf3 Qg4 28.Ng5 Rxg5
{#R} 0-1

[Event "Ch Cuba"]
[Site "Ciego de Avila (Cuba)"]
[Date "2010.01.14"]
[Round "2"]
[White "Arencibia Walter (CUB)"]
[Black "Gonzalez Yuri (CUB)"]
[Result "1-0"]
[WhiteElo "2491"]
[BlackElo "2539"]

1.d4 Nf6 2.c4 e6 3.Nf3 c5 4.d5 exd5 5.cxd5 d6 6.Nc3 g6 7.Nd2 Bg7 8.e4 O-O
9.Be2 Na6 10.O-O Nc7 11.a4 Nfe8 12.Nc4 f5 13.f3 f4 14.Bd2 Bd4+ 15.Kh1 Ng7
16.Bd3 Nh5 17.Ne2 Bg7 18.Qc1 g5 19.Kg1 Na6 20.Bc3 Nb4 21.Qd2 b6 22.Bxb4 cxb4
23.Qxb4 Ba6 24.Ne5 Bxe5 25.Bxa6 Qf6 26.Rad1 g4 27.fxg4 f3 28.gxf3 Qh4 29.Rf2
Nf4 30.Nxf4 Rxf4 31.Qd2 Raf8 32.Rdf1 Kh8 33.Kh1 Qf6 34.b3 Bd4 35.Rg2 Rxe4
36.g5 Qf7 37.g6 Qf4 38.Qd1 Re3 39.Rg4 {#r} 1-0

[Event "It (cat.7)"]
[Site "Budapest (Hungary)"]
[Date "2010.03.11"]
[Round "6"]
[White "Gonda Laszlo (HUN)"]
[Black "Sipos Istvan (HUN)"]
[Result "1-0"]
[WhiteElo "2550"]
[BlackElo "2398"]

1.d4 Nf6 2.c4 c5 3.d5 e6 4.Nc3 exd5 5.cxd5 d6 6.Nf3 g6 7.Nd2 Bg7 8.e4 O-O
9.Be2 Na6 10.O-O Ne8 11.Nc4 f5 12.Bf4 g5 13.Bd2 Nac7 14.a4 b6 15.f4 gxf4
16.Bxf4 Bd4+ 17.Be3 Bxe3+ 18.Nxe3 Ng7 19.Qd2 Qg5 20.Rf3 f4 21.Nc4 Nce8 22.Raf1
Nh5 23.R3f2 Bg4 24.e5 dxe5 25.Bxg4 Qxg4 26.Nxe5 Qg5 27.Nd3 Nd6 28.Nxf4 Nxf4
29.Rxf4 Rf5 30.Qc1 Qg6 31.Rxf5 Nxf5 32.Qf4 Nd4 33.h3 Qg7 34.Kh2 Rf8 35.Qxf8+
Qxf8 36.Rxf8+ Kxf8 37.Kg3 Ke7 38.Kf4 Kd6 39.g4 a6 40.Ke4 b5 41.axb5 axb5 42.h4
b4 43.Nb1 Ke7 44.Nd2 Kf6 45.Nc4 h6 46.Ne5 Nb3 47.d6 {#r} 1-0

[Event "It (open)"]
[Site "Lenk (Switzerland)"]
[Date "2010.04.01"]
[Round "1"]
[White "Coletta Stephane (SUI)"]
[Black "Kurmann Oliver (SUI)"]
[Result "0-1"]
[WhiteElo "1970"]
[BlackElo "2452"]

1.d4 Nf6 2.c4 e6 3.Nc3 c5 4.d5 exd5 5.cxd5 d6 6.Nf3 g6 7.Nd2 Bg7 8.e4 O-O
9.Be2 Na6 10.O-O Ne8 11.Nc4 f5 12.exf5 Bxf5 13.Bf3 Rb8 14.a4 Nb4 15.Ne4 Bxe4
16.Bxe4 b6 17.Qg4 Nf6 18.Qe6+ Kh8 19.Bf3 Nc2 20.Nxd6 Nxa1 21.Nf7+ Rxf7 22.Qxf7
Nc2 23.Bf4 Rc8 24.d6 Qd7 25.Qxd7 Nxd7 26.Bg4 Rd8 27.Rc1 Be5 28.Bg5 Bf6 29.Bf4
Nd4 30.Re1 h5 31.Bd1 Kg7 {#R} 0-1

[Event "It (open)"]
[Site "Voronezh (Russia)"]
[Date "2010.06.20"]
[Round "8"]
[White "Gabrielian Artur (RUS)"]
[Black "Grigoryan Avetik (ARM)"]
[Result "0-1"]
[WhiteElo "2547"]
[BlackElo "2579"]

1.d4 Nf6 2.c4 e6 3.Nf3 c5 4.d5 exd5 5.cxd5 d6 6.Nc3 g6 7.Nd2 Bg7 8.e4 O-O
9.Be2 Na6 10.O-O Ne8 11.Nc4 Nac7 12.a4 f5 13.Ra3 Bd7 14.Re1 Bd4 15.Be3 Qf6
16.exf5 Bxf5 17.Bf3 Bxe3 18.fxe3 Rd8 19.e4 Bc8 20.a5 Qg7 21.Qd2 Kh8 22.Raa1
Na6 23.Rad1 Nb4 24.b3 Nc7 25.e5 dxe5 26.Nxe5 Bf5 27.Rc1 Ne6 28.Na4 Nd4 29.Nxc5
Nbc2 30.Rxc2 Nxc2 31.Re2 b6 32.Na4 Rfe8 33.Qf4 Kg8 34.d6 Rxd6 35.g4 Nd4 {#R}
0-1

[Event "It (cat.7)"]
[Site "Villa Martelli (Argentina)"]
[Date "2010.08.12"]
[Round "9"]
[White "Mareco Sandro (ARG)"]
[Black "De Dovitiis Alejo (ARG)"]
[Result "1-0"]
[WhiteElo "2560"]
[BlackElo "2366"]

1.d4 Nf6 2.c4 e6 3.Nf3 c5 4.d5 exd5 5.cxd5 d6 6.Nc3 g6 7.Nd2 Bg7 8.e4 O-O
9.Be2 Na6 10.O-O Nc7 11.a4 b6 12.Ra3 Ba6 13.Bxa6 Nxa6 14.Nc4 Qe7 15.Re1 Rfd8
16.Bg5 h6 17.Bh4 Qf8 18.Nb5 g5 19.Bg3 Ne8 20.h4 Nb4 21.hxg5 hxg5 22.Rf3 a6
23.Nc3 Rab8 24.e5 dxe5 25.Nxe5 Nd6 26.Ng6 fxg6 27.Rxf8+ Bxf8 28.Re6 Rb7
29.Rxg6+ Rg7 30.Qh5 Nf7 31.Ne4 Nxd5 32.Nxg5 Nxg5 33.Qxg5 Rd7 34.Be5 Nb4
35.Bxg7 Rxg7 36.Rxg7+ Bxg7 37.Qd8+ {#r} 1-0

[Event "It (open)"]
[Site "Figueres (Spain)"]
[Date "2010.08.17"]
[Round "8"]
[White "Gonzalez Manchon Juan Miguel (ESP)"]
[Black "Sola Flavien (FRA)"]
[Result "0-1"]
[WhiteElo "2091"]
[BlackElo "1903"]

1.d4 Nf6 2.c4 c5 3.d5 e6 4.Nc3 d6 5.Nf3 exd5 6.cxd5 g6 7.Nd2 Bg7 8.e4 O-O
9.Be2 Na6 10.O-O Nc7 11.a4 b6 12.Re1 Kh8 13.Nc4 Ba6 14.f3 Bxc4 15.Bxc4 a6
16.Bg5 Qd7 17.Qd3 Ng8 18.Bf4 Bd4+ 19.Kh1 f6 20.Rab1 Rfb8 21.Rec1 b5 22.Ba2 g5
23.Bg3 Be5 24.Bxe5 fxe5 25.Qd2 b4 26.Nd1 b3 27.Bxb3 Rxb3 28.Qxg5 Qg7 29.Qd2
Ne7 30.Rc3 Rb4 31.Ne3 Qh6 32.Qe2 Rxa4 33.Nc4 Rg8 34.Rb3 Nb5 35.Qf1 Rg6 36.Na3
Rd4 37.Nxb5 axb5 38.Rd1 Rxd1 39.Qxd1 Qg5 40.g3 b4 41.Qc2 h5 42.Rd3 h4 43.g4 h3
44.Qd2 Qxd2 45.Rxd2 Rf6 46.Rf2 Ng6 47.Kg1 Nh4 48.f4 Rxf4 {#R} 0-1

[Event "It (open)"]
[Site "Ricany (Czech Republic)"]
[Date "2010.08.23"]
[Round "4"]
[White "Balacek Tadeas (CZE)"]
[Black "Vesecky Martin"]
[Result "1-0"]
[WhiteElo "2096"]
[BlackElo "2026"]

1.d4 Nf6 2.c4 c5 3.d5 e6 4.Nc3 exd5 5.cxd5 d6 6.Nf3 g6 7.Nd2 Bg7 8.e4 O-O
9.Be2 Na6 10.O-O Nc7 11.a4 b6 12.f3 Rb8 13.Nb5 a6 14.Na7 Bd7 15.Nc4 Qe7 16.Bg5
b5 17.Na5 Qe5 18.Qd2 bxa4 19.N7c6 Qxb2 20.Nxb8 Rxb8 21.Nc4 Qxd2 22.Bxd2 Nb5
23.Rfb1 Re8 24.Bd3 Nh5 25.Rxa4 Nc3 26.Bxc3 Bxa4 27.Bxg7 Kxg7 28.Nxd6 Rd8
29.Nb7 Rc8 30.Bxa6 f5 31.Bb5 Bxb5 32.Rxb5 Rb8 33.d6 Nf4 34.Rxc5 Ne6 35.Rc7+
{#r} 1-0

[Event "Memorial Karen Asrian"]
[Site "Jermuk (Armenia)"]
[Date "2010.10.05"]
[Round "1"]
[White "Volkov Sergey Viktorovich (RUS)"]
[Black "Manukyan Sargis (ARM)"]
[Result "1-0"]
[WhiteElo "2595"]
[BlackElo "2223"]

1.d4 Nf6 2.c4 c5 3.d5 e6 4.Nc3 exd5 5.cxd5 d6 6.Nf3 g6 7.Nd2 Bg7 8.e4 O-O
9.Be2 Na6 10.O-O Nc7 11.a4 b6 12.Ra3 Nfe8 13.Nc4 Ba6 14.Bf4 f5 15.exf5 Rxf5
16.Bg3 Bxc4 17.Bxc4 a6 18.Qe2 Qd7 19.Rb3 Bxc3 20.bxc3 b5 21.Bd3 Rxd5 22.Be4 c4
23.Rbb1 Nf6 24.Bxd5+ Nfxd5 25.Qd2 Rd8 26.axb5 axb5 27.Ra1 Qg7 28.Rfc1 Qf6
29.Ra7 Re8 30.h4 Rd8 31.Rb7 Qf5 32.Re1 Qf6 33.Rxb5 Nxc3 34.Rb4 N7b5 35.Rxb5
Nxb5 36.Qd5+ Qf7 37.Qxb5 d5 38.Qc5 d4 39.Re7 Qd5 40.Qc7 {#r} 1-0

[Event "It (open)"]
[Site "Tenerife (Spain)"]
[Date "2010.12.17"]
[Round "2"]
[White "Mingorance Torres Francisco (ESP)"]
[Black "Garcia Rodriguez Pedro Leopoldo (ESP)"]
[Result "1-0"]
[WhiteElo "1771"]
[BlackElo "1945"]

1.d4 Nf6 2.c4 c5 3.d5 g6 4.Nc3 Bg7 5.e4 d6 6.Nf3 O-O 7.Be2 Bg4 8.Nd2 Bxe2
9.Qxe2 e6 10.O-O exd5 11.cxd5 Re8 12.Re1 a6 13.a4 b6 14.Nc4 Ra7 15.Bf4 Rd7
16.Qc2 Nh5 17.Bd2 Bd4 18.Ne2 Bg7 19.Qb3 Rxe4 20.Nc3 Ree7 21.Qxb6 Qxb6 22.Nxb6
Rb7 23.a5 Nd7 24.Rxe7 {#r} 1-0

[Event "Extraliga 2010/11"]
[Site "Slovakia"]
[Date "2011.01.16"]
[Round "4"]
[White "Likavsky Tomas (SVK)"]
[Black "Banas Kamil (SVK)"]
[Result "1-0"]
[WhiteElo "2486"]
[BlackElo "2222"]

1.d4 Nf6 2.c4 c5 3.d5 e6 4.Nc3 exd5 5.cxd5 d6 6.Nf3 g6 7.Nd2 Bg7 8.e4 O-O
9.Be2 Na6 10.O-O Nc7 11.a4 Nfe8 12.Nc4 f5 13.exf5 Rxf5 14.Bg4 Rf7 15.Bf3 b6
16.Ne4 Ba6 17.Bg5 Qd7 18.Bg4 Rf5 19.Rc1 Bd4 20.Ng3 Ng7 21.Bh6 Re8 22.Bxg7 Kxg7
23.Bxf5 gxf5 24.Qf3 Bxc4 25.Nxf5+ Kg6 26.Qg4+ Kf6 27.Qh4+ Ke5 28.Rfe1+ Kxd5
29.Ne7+ Rxe7 30.Rxe7 Qf5 31.Rxc7 Bd3 32.b3 a6 33.Qg3 Be5 34.Qg8+ Ke4 35.Rc4+
{#r} 1-0

[Event "Czech League 2010/11 (1st) West"]
[Site "Czech Republic"]
[Date "2011.02.13"]
[Round "8"]
[White "Juptner Jan (CZE)"]
[Black "Vybiral Zdenek (CZE)"]
[Result "1-0"]
[WhiteElo "2318"]
[BlackElo "2178"]

1.d4 Nf6 2.c4 c5 3.d5 e6 4.Nc3 exd5 5.cxd5 d6 6.Nf3 g6 7.Nd2 Bg7 8.e4 O-O
9.Be2 Na6 10.O-O Nc7 11.a4 Nfe8 12.Nc4 f5 13.exf5 Rxf5 14.Bg4 Rf8 15.Bf3 b6
16.Qb3 Ba6 17.Ne4 Qd7 18.Rd1 Bd4 19.Bh6 Bxc4 20.Qxc4 Ng7 21.Rab1 Rxf3 22.Rxd4
Rf5 23.Rdd1 Raf8 24.b4 Qxa4 25.Nxd6 Rxf2 26.bxc5 Qxc4 27.Nxc4 Rc2 28.cxb6 Rxc4
29.bxc7 Rxc7 30.d6 Rd7 31.Rdc1 Re8 32.Rc7 Rf7 33.Rxf7 Kxf7 34.Rb7+ {#r} 1-0

[Event "It (open)"]
[Site "Feffernitz (Austria)"]
[Date "2011.08.24"]
[Round "5"]
[White "Malakhatko Vadim (BEL)"]
[Black "Okhotnik Vladimir (FRA)"]
[Result "1-0"]
[WhiteElo "2548"]
[BlackElo "2455"]

1.d4 Nf6 2.c4 e6 3.Nf3 c5 4.d5 d6 5.Nc3 exd5 6.cxd5 g6 7.Nd2 Bg7 8.e4 O-O
9.Be2 Na6 10.O-O Ne8 11.Nc4 f5 12.exf5 Rxf5 13.Bg4 Rf8 14.h3 Nac7 15.a4 Bxg4
16.hxg4 Bd4 17.Be3 Bxe3 18.Nxe3 Qf6 19.Qb3 b6 20.Rae1 Rd8 21.f4 Qd4 22.Ne2 Qg7
23.g5 Qd7 24.Nc3 a6 25.Qxb6 Kh8 26.Qb3 Ng7 27.Ne4 Rb8 28.Qc2 Rb4 29.b3 Rfb8
30.Nf6 Qf7 31.Nc4 Nce8 32.Nxe8 Nxe8 33.Re6 Rxb3 34.Nxd6 Nxd6 35.Rxd6 {#r} 1-0

[Event "It (open)"]
[Site "Liberec (Czech Republic)"]
[Date "2011.10.29"]
[Round "9"]
[White "Kraus Ondrej (CZE)"]
[Black "Golcman Evgeny (RUS)"]
[Result "0-1"]
[WhiteElo "1988"]
[BlackElo "2257"]

1.d4 c5 2.d5 Nf6 3.c4 g6 4.Nc3 Bg7 5.e4 d6 6.Nf3 O-O 7.Be2 e6 8.O-O Na6 9.Bf4
exd5 10.cxd5 Nc7 11.Nd2 b5 12.Nxb5 Nxb5 13.Bxb5 Nh5 14.Be3 Rb8 15.Be2 Rxb2
16.Bxh5 gxh5 17.Qxh5 f5 18.Bh6 Ba6 19.Bxg7 Kxg7 20.Rfd1 Qf6 21.Rac1 Qg6
22.Qxg6+ hxg6 23.Rb1 Rfb8 24.e5 Rxd2 {#R} 0-1

[Event "Czech League 2011/12 (2nd) (a)"]
[Site "Czech Republic"]
[Date "2011.11.06"]
[Round "2"]
[White "Simecek Bohumil (CZE)"]
[Black "Blazek Jiri (CZE)"]
[Result "1-0"]
[WhiteElo "2133"]
[BlackElo "2216"]

1.d4 Nf6 2.c4 c5 3.d5 e6 4.Nc3 exd5 5.cxd5 d6 6.Nf3 g6 7.Nd2 Bg7 8.e4 O-O
9.Be2 Na6 10.O-O Nc7 11.a4 Nfe8 12.Nf3 b6 13.Bg5 f6 14.Bf4 Bg4 15.Re1 Bxf3
16.Bxf3 a6 17.Qd3 Rb8 18.Rab1 b5 19.b4 c4 20.Qc2 bxa4 21.Qxa4 Nb5 22.Nxb5 axb5
23.Qa6 Kh8 24.Bg4 f5 25.exf5 h5 26.Bf3 Rxf5 27.Bc1 Bd4 28.Be3 Be5 29.Be4 Rf8
30.Bxg6 Qh4 31.g3 Qg4 32.Bc2 h4 33.Qa7 Ng7 34.Bh6 hxg3 35.hxg3 Bd4 36.Bxg7+
Qxg7 37.Qxg7+ Kxg7 38.Re7+ Kh6 39.Re2 Rf6 40.Kg2 Kg7 41.Rh1 Rh8 42.Rxh8 Kxh8
43.f4 Bc3 44.Re8+ Kg7 45.Rb8 Bxb4 46.Rxb5 Bc5 47.Rb7+ Kf8 48.Kf3 Rh6 49.Rh7
{#r} 1-0